• 首页
  • 本馆介绍
  • 公告通知
  • 最新文献
  • 馆藏检索
  • 电子资源
  • 读者导购
  • 参考咨询
  • 我的图书馆
  • 登录
  • 详细信息显示
  • 放入我的书架
  • 预约/预借图书
  • 作者相关作品
  • 分类相关作品
  • 丛书相关作品
  • 出版社相关作品

书目信息

  • 表格格式
  • 工作单格式
  • 卡片格式
题名:
文化全球化视野下的中国数字出版业
    
 
作者: 左文 著
分册:  
出版信息: 北京   清华大学出版社  2012
页数: 130页
开本: 23cm
丛书名:
单 册:
中图分类: G239.2
科图分类:
主题词: 电子出版物--出版工作--研究--中国
电子资源:
ISBN: 978-7-302-30537-8
000 00802nam0 2200229 45
001 1359669921
005 20130529084137.84
010    @a978-7-302-30537-8@dCNY29.00
100    @a20130513d2012 em y0chiy50 ea
101 0  @achi
102    @aCN@b110000
105    @ay z 000yy
106    @ar
200 1  @a文化全球化视野下的中国数字出版业@AWen Hua Quan Qiu Hua Shi Ye Xia De Zhong Guo Shu Zi Chu Ban Ye@f左文著@FZuo Wen Zhu
210    @a北京@c清华大学出版社@d2012
215    @a130页@d23cm
330    @a作者以文化全球化的视野,对国外发达国家和国内数字出版业背景和现状进行了系统分析,提出了推动我国数字出版业发展的十大对策。
606 0  @a电子出版物@x出版工作@x研究@y中国
690    @aG239.2@v5
701  0 @a左文@AZuo Wen@4著
801    @aCN@bTANGWEI@c20130522
905    @b0832878-83@dG239.2@e58@f6
    
    文化全球化视野下的中国数字出版业/左文著.-北京:清华大学出版社,2012
    130页;23cm
    
    
    ISBN 978-7-302-30537-8:CNY29.00
    作者以文化全球化的视野,对国外发达国家和国内数字出版业背景和现状进行了系统分析,提出了推动我国数字出版业发展的十大对策。
●
相关链接 在E读中查询图书 在五车中查询图书 在当当中查询图书 在豆瓣中查询图书


正题名:文化全球化视野下的中国数字出版业     索取号:G239.2/58         预约/预借

序号 登录号 条形码 馆藏地/架位号 状态 备注
1 0832878   208328781   第一样本阅览室/ [索取号:G239.2/58] 在馆    
2 0832879   208328790   第四借阅区/ [索取号:G239.2/58] 在馆    
3 0832880   208328807   第四借阅区/ [索取号:G239.2/58] 在馆    
4 0832881   208328816   第四借阅区/ [索取号:G239.2/58] 在馆    
5 0832882   208328825   第四借阅区/ [索取号:G239.2/58] 在馆    
6 0832883   208328834   第四借阅区/ [索取号:G239.2/58] 在馆    
唐山师范学院图书馆 欢迎您!
大连网信软件有限公司© 版权所有